000 00604nam a22002177a 4500
001 32620
003 BD-RjUL
005 20211209051851.0
008 140427t1996 ii |||| |||| 001 0 eng d
035 _a(BD-RjUL)32709
040 _aBD-RjUL
_beng
_cBD-RjUL
041 _aeng
082 _a956
_bAHH 1996
100 1 _aAhsanullah, M
_999265
245 1 0 _aHistory of the Islamic world /
_cM Ahsanullah
260 _aNew Delhi :
_b Deep & Deep Publications,
_c©1996.
300 _a311 p. ;
_c24 cm.
504 _aIncludes index.
650 1 7 _a Islamic Empire -- History.
_960489
942 _2ddc
_cBK
999 _c32620
_d32620